000
00319 a2200157 4500
001
190533
020
_a
978-84-668-1899-5
040
_c
Magnum
100
_a
Hancock, Penny
240
1
0
_a
The misfits
_l
ING
245
1
0
_a
The misfits
300
_a
64
362
0
_a
2007
697
_a
LITERATURA INGLESA
942
_c
BK
999
_c
190533
_d
190533